[Event "ROM-ch U10"]
[Site "Calimanesti Caciulata"]
[Date "2016.04.24"]
[Round "8"]
[White "Scanteie, Dimitrie"]
[Black "Anusca, David Alexandru"]
[Result "1/2-1/2"]
[WhiteElo "1001"]
[BlackElo "1230"]
[PlyCount "79"]
[EventDate "2016.04.18"]
[EventType "swiss"]
[EventRounds "9"]
[EventCountry "ROU"]
[SourceTitle "EXT 2017"]
[Source "ChessBase"]
[SourceDate "2016.10.25"]
[SourceVersion "1"]
[SourceVersionDate "2016.10.25"]
[SourceQuality "1"]

1. e4 e5 2. Nf3 Nc6 3. Bc4 Nf6 4. d3 h6 5. 0-0 Bc5 6. c3 0-0 7. Re1 d6 8. d4 exd4 9. cxd4 Bb6 10. h3 d5 11. exd5 Nxd5 12. Nc3 Nxc3 13. bxc3 Bf5 14. Bd3 Bxd3 15. Qxd3 Qf6 16. Be3 Rfe8 17. a4 a6 18. d5 Bxe3 19. Rxe3 Rxe3 20. fxe3 Ne7 21. a5 Rd8 22. e4 c6 23. e5 Qg6 24. Qxg6 Nxg6 25. d6 Kf8 26. c4 Ke8 27. c5 Kd7 28. g3 f6 29. exf6 gxf6 30. Re1 Re8 31. Rxe8 Kxe8 32. Kf2 Nf8 33. Ke3 Kd7 34. Nd4 Ke8 35. Ke4 Kf7 36. Kf5 Nd7 37. Ne6 h5 38. g4 hxg4 39. hxg4 Ke8 40. Nc7+ 1/2-1/2

[Event "ROM-ch U10"]
[Site "Calimanesti Caciulata"]
[Date "2016.04.21"]
[Round "4"]
[White "Scanteie, Dimitrie"]
[Black "Lup, Constantin Ionel"]
[Result "0-1"]
[WhiteElo "1001"]
[BlackElo "1162"]
[PlyCount "38"]
[EventDate "2016.04.18"]
[EventType "swiss"]
[EventRounds "9"]
[EventCountry "ROU"]
[SourceTitle "CBM 172 Extra"]
[Source "ChessBase"]
[SourceDate "2016.06.21"]
[SourceVersion "1"]
[SourceVersionDate "2016.06.21"]
[SourceQuality "1"]

1. d4 g6 2. c4 Bg7 3. Nc3 Nf6 4. e4 d6 5. f3 0-0 6. Be3 Nbd7 7. Nge2 c5 8. d5 e6 9. Qd2 b6 10. g4 exd5 11. cxd5 Ne5 12. Bg2 a5 13. b3 Ba6 14. h4 b5 15. h5 b4 16. Na4 gxh5 17. gxh5 Nfd7 18. Bh6 Nd3+ 19. Kd1 Nf2+ 0-1

[Event "ROM-ch U10"]
[Site "Calimanesti Caciulata"]
[Date "2016.04.18"]
[Round "1"]
[White "David, Andrei"]
[Black "Scanteie, Dimitrie"]
[Result "1-0"]
[WhiteElo "1183"]
[BlackElo "1001"]
[PlyCount "104"]
[EventDate "2016.04.18"]
[EventType "swiss"]
[EventRounds "9"]
[EventCountry "ROU"]
[SourceTitle "CBM 172 Extra"]
[Source "ChessBase"]
[SourceDate "2016.06.21"]
[SourceVersion "1"]
[SourceVersionDate "2016.06.21"]
[SourceQuality "1"]

1. d4 d5 2. c4 c6 3. Nf3 Nf6 4. g3 Bf5 5. cxd5 Nxd5 6. Bg2 e6 7. Nbd2 Nf6 8. 0-0 c5 9. Nb3 b6 10. Ne5 Be4 11. f3 Bd5 12. e4 Bb7 13. Be3 cxd4 14. Nxd4 Bc5 15. Qd2 Nc6 16. Nexc6 Bxc6 17. Rad1 Bb7 18. Nb5 0-0 19. Bxc5 Qxd2 20. Rxd2 bxc5 21. e5 Nd5 22. Nd6 Ba6 23. Rc1 c4 24. Nxc4 Rac8 25. Rdc2 Bxc4 26. Rxc4 Rxc4 27. Rxc4 Ne3 28. Rc7 Nxg2 29. Kxg2 a6 30. Ra7 h6 31. Rxa6 Rc8 32. b4 Rb8 33. a3 g5 34. Ra5 Kf8 35. b5 Ke7 36. Ra7+ Ke8 37. a4 h5 38. Kf2 g4 39. fxg4 hxg4 40. Ke3 Rd8 41. b6 Rb8 42. Kd4 Rxb6 43. Kc5 Rb8 44. a5 Rc8+ 45. Kb6 Kf8 46. a6 Kg7 47. Kb7 Rd8 48. Ra8 Rd7+ 49. Kc6 Rd2 50. a7 Rxh2 51. Rg8+ Kxg8 52. a8Q+ Kg7 1-0